Statistics for SAT Words HARD Click Quiz - T #1

Click here to take the quiz!

General Stats

  • This quiz has been taken 135 times
  • The average score is 10 of 15

Answer Stats

HintAnswer% Correct
Brownish grayTaupe
88%
Person who wrote a willTestator
86%
Apprehensive, fearfulTrepidatious
86%
Given to violent emotions or actionsTempestuous
83%
Habitually silent; reservedTaciturn
81%
Delay, linger, waitTarry
76%
Ringing of bells, especially rhythmicallyTintinnabulation
74%
Slight trace or admixtureTincture
71%
Cloudy, muddledTurbid
69%
Unnecessary repetition of a word or ideaTautology
52%
Ready-to-use once obtainedTurnkey
52%
Highly excited and muddled state; tizzyTwitteration
50%
Song of mourning; elegyThrenedy
44%
Boastful and vaingloriousThrasonic
36%
Pool of money paid to last surviving contributorTontine
35%

Score Distribution

Percentile by Number Answered

Percent of People with Each Score

Your Score History

You have not taken this quiz